000 00486nam a2200205Ia 4500
005 20250508164611.0
008 008 250505s9999 xx 000 0 eng d
037 _aTextual
040 _aFEDL
_beng
_cFEDL
041 _aeng
_2eng
084 _a411, JAF
_qFEDL
100 _aJafa Manorama
245 0 _aWriting for children
260 _c1981
300 _a82p.
365 _aINR
_b95
546 _aMACESE
942 _cTEXL
_h411, JAF
999 _c1390071
_d1390071